[Event "DVM U20 2020"]
[Site "Willingen GER"]
[Date "2021.06.26"]
[Round "5"]
[White "Fuhrmann, Åke"]
[Black "Mohammadi Nia, Borna"]
[Result "0-1"]
[Termination "normal"]
[Board "1.5"]
[WhiteElo "1912"]
[BlackElo "2079"]
[WhiteClock "00:59:54"]
[BlackClock "00:09:45"]
[WhiteTeam "Hamburger SK von 1830"]
[BlackTeam "Schachgemeinschaft Porz e. V."]
[PlyCount "106"]
[WhiteFideId "12983853"]
[BlackFideId "16207319"]
[EventCountry "GER"]
[EventRounds "7"]
[EventType "team-swiss"]
[EventDate "2021.06.23"]

1. c4 {[%clk 01:30:57]} {[%emt 00:00:03]} c5 {[%clk 01:30:55]} {[%emt
00:00:06]} 2. g3 {[%clk 01:31:22]} {[%emt 00:00:05]} g6 {[%clk 01:31:21]}
{[%emt 00:00:03]} 3. Bg2 {[%clk 01:31:47]} {[%emt 00:00:06]} Bg7 {[%clk
01:31:47]} {[%emt 00:00:03]} 4. Nc3 {[%clk 01:32:11]} {[%emt 00:00:06]} Nc6
{[%clk 01:32:14]} {[%emt 00:00:03]} 5. a3 {[%clk 01:32:36]} {[%emt 00:00:06]}
d6 {[%clk 01:31:42]} {[%emt 00:01:01]} 6. Rb1 {[%clk 01:32:55]} {[%emt
00:00:10]} a5 {[%clk 01:32:08]} {[%emt 00:00:05]} 7. e4 {[%clk 01:33:13]}
{[%emt 00:00:13]} Nf6 {[%clk 01:31:59]} {[%emt 00:00:38]} 8. d3 {[%clk
01:33:11]} {[%emt 00:00:32]} O-O {[%clk 01:32:12]} {[%emt 00:00:17]} 9. Nge2
{[%clk 01:33:37]} {[%emt 00:00:03]} Ne8 {[%clk 01:31:23]} {[%emt 00:01:20]} 10.
Be3 {[%clk 01:32:21]} {[%emt 00:01:47]} Nc7 {[%clk 01:30:50]} {[%emt 00:01:02]}
11. O-O {[%clk 01:31:13]} {[%emt 00:01:38]} Rb8 {[%clk 01:28:25]} {[%emt
00:02:55]} 12. d4 {[%clk 01:22:26]} {[%emt 00:09:17]} cxd4 {[%clk 01:22:02]}
{[%emt 00:06:53]} 13. Nxd4 {[%clk 01:22:47]} {[%emt 00:00:09]} Ne5 {[%clk
01:21:00]} {[%emt 00:01:32]} 14. b3 {[%clk 01:20:15]} {[%emt 00:03:02]} Ng4
{[%clk 01:15:51]} {[%emt 00:05:39]} 15. Bc1 {[%clk 01:18:47]} {[%emt 00:01:59]}
Ne6 {[%clk 01:13:14]} {[%emt 00:03:07]} 16. Nxe6 {[%clk 01:16:55]} {[%emt
00:02:20]} Bxe6 {[%clk 01:08:17]} {[%emt 00:05:28]} 17. Qc2 {[%clk 01:12:43]}
{[%emt 00:04:43]} Qd7 {[%clk 01:04:10]} {[%emt 00:04:36]} 18. h3 {[%clk
01:10:50]} {[%emt 00:02:23]} Nf6 {[%clk 01:03:46]} {[%emt 00:00:53]} 19. Kh2
{[%clk 01:10:48]} {[%emt 00:00:33]} Rfc8 {[%clk 01:02:53]} {[%emt 00:01:23]}
20. f4 {[%clk 01:09:25]} {[%emt 00:01:54]} Qd8 {[%clk 01:01:24]} {[%emt
00:01:58]} 21. Qd3 {[%emt 00:04:41]} Nd7 {[%clk 00:55:57]} {[%emt 00:05:55]}
22. Be3 {[%clk 01:05:17]} {[%emt 00:00:29]} Nc5 {[%clk 00:54:46]} {[%emt
00:01:41]} 23. Qd2 {[%clk 00:53:39]} {[%emt 00:12:07]} a4 {[%clk 00:49:03]}
{[%emt 00:06:15]} 24. Bxc5 {[%clk 00:51:37]} {[%emt 00:02:31]} Bxc3 {[%clk
00:47:02]} {[%emt 00:02:31]} 25. Qxc3 {[%clk 00:52:00]} {[%emt 00:00:07]} Rxc5
{[%clk 00:47:25]} {[%emt 00:00:07]} 26. f5 {[%clk 00:43:08]} {[%emt 00:09:22]}
gxf5 {[%clk 00:42:40]} {[%emt 00:05:15]} 27. exf5 {[%clk 00:41:17]} {[%emt
00:02:21]} Bxf5 {[%clk 00:42:02]} {[%emt 00:01:08]} 28. b4 {[%clk 00:41:23]}
{[%emt 00:00:24]} Re5 {[%clk 00:41:22]} {[%emt 00:01:10]} 29. Rbe1 {[%clk
00:40:57]} {[%emt 00:00:56]} Rxe1 {[%clk 00:39:55]} {[%emt 00:01:58]} 30. Rxf5
{[%clk 00:39:27]} {[%emt 00:01:59]} Re5 {[%clk 00:37:24]} {[%emt 00:03:01]} 31.
Rxe5 {[%clk 00:39:31]} {[%emt 00:00:25]} dxe5 {[%clk 00:37:53]} {[%emt
00:00:02]} 32. Qxe5 {[%clk 00:39:50]} {[%emt 00:00:11]} Qd6 {[%clk 00:36:11]}
{[%emt 00:02:12]} 33. Qg5+ {[%clk 00:38:48]} {[%emt 00:01:32]} Kf8 {[%clk
00:35:07]} {[%emt 00:01:34]} 34. Qf5 {[%clk 00:37:44]} {[%emt 00:01:34]} h6
{[%clk 00:29:28]} {[%emt 00:06:09]} 35. Bxb7 {[%clk 00:35:02]} {[%emt
00:03:12]} e6 {[%clk 00:24:47]} {[%emt 00:05:11]} 36. Qf3 {[%clk 00:34:10]}
{[%emt 00:01:22]} Qd2+ {[%clk 00:23:26]} {[%emt 00:01:51]} 37. Qg2 {[%clk
00:32:08]} {[%emt 00:02:32]} Qc3 {[%clk 00:19:54]} {[%emt 00:04:02]} 38. Qc6
{[%clk 00:32:14]} {[%emt 00:00:24]} Qb2+ {[%clk 00:18:10]} {[%emt 00:02:14]}
39. Kh1 {[%clk 00:32:25]} {[%emt 00:00:19]} Qc1+ {[%clk 00:12:33]} {[%emt
00:06:07]} 40. Kh2 {[%clk 00:32:47]} {[%emt 00:00:09]} Qc2+ {[%clk 00:11:32]}
{[%emt 00:01:31]} 41. Kh1 {[%clk 00:32:59]} {[%emt 00:00:17]} Rd8 {[%clk
00:07:09]} {[%emt 00:04:52]} 42. Qc5+ {[%clk 00:33:01]} {[%emt 00:00:28]} Kg8
{[%clk 00:07:28]} {[%emt 00:00:12]} 43. Bg2 {[%clk 00:33:15]} {[%emt 00:00:16]}
Qc1+ {[%clk 00:05:09]} {[%emt 00:02:49]} 44. Kh2 {[%clk 00:33:26]} {[%emt
00:00:19]} Qxa3 {[%clk 00:04:46]} {[%emt 00:00:53]} 45. Qa5 {[%clk 00:32:02]}
{[%emt 00:01:53]} Rb8 {[%clk 00:29:25]} {[%emt 00:05:51]} 46. b5 {[%clk
01:01:18]} {[%emt 00:01:15]} Qb3 {[%clk 00:28:03]} {[%emt 00:01:52]} 47. Qa7
{[%clk 01:01:12]} {[%emt 00:00:35]} Rd8 {[%clk 00:18:46]} {[%emt 00:09:48]} 48.
Qc7 {[%clk 01:00:02]} {[%emt 00:01:40]} Rf8 {[%clk 00:12:46]} {[%emt 00:06:31]}
49. Qf4 {[%clk 01:00:06]} {[%emt 00:00:25]} Qc3 {[%clk 00:10:38]} {[%emt
00:02:38]} 50. Qxh6 {[%clk 00:59:19]} {[%emt 00:01:17]} a3 {[%clk 00:11:00]}
{[%emt 00:00:08]} 51. Be4 {[%clk 00:59:16]} {[%emt 00:00:33]} Qg7 {[%clk
00:10:02]} {[%emt 00:01:28]} 52. Qxg7+ {[%clk 00:59:26]} {[%emt 00:00:19]} Kxg7
{[%clk 00:10:21]} {[%emt 00:00:12]} 53. Bb1 {[%clk 00:59:54]} {[%emt 00:00:02]}
Rd8 {[%clk 00:09:45]} {[%emt 00:01:06]} 0-1

[Event "DVM U20 2020"]
[Site "Willingen GER"]
[Date "2021.06.26"]
[Round "5"]
[White "Perkampus, Laurin"]
[Black "Wolfram, Tom"]
[Result "1-0"]
[Termination "normal"]
[Board "1.6"]
[WhiteElo "1920"]
[BlackElo "1748"]
[WhiteClock "00:00:52"]
[BlackClock "00:00:46"]
[WhiteTeam "Schachgemeinschaft Porz e. V."]
[BlackTeam "Hamburger SK von 1830"]
[PlyCount "57"]
[WhiteFideId "16232283"]
[BlackFideId "16214510"]
[EventCountry "GER"]
[EventRounds "7"]
[EventType "team-swiss"]
[EventDate "2021.06.23"]

1. d4 {[%clk 01:30:56]} {[%emt 00:00:03]} Nf6 {[%clk 01:30:31]} {[%emt
00:00:30]} 2. c4 {[%clk 01:31:18]} {[%emt 00:00:07]} c5 {[%clk 01:30:30]}
{[%emt 00:00:32]} 3. d5 {[%clk 01:31:41]} {[%emt 00:00:06]} b5 {[%clk
01:30:35]} {[%emt 00:00:25]} 4. Qc2 {[%clk 01:30:43]} {[%emt 00:01:28]} bxc4
{[%clk 01:24:29]} {[%emt 00:06:36]} 5. e4 {[%clk 01:30:43]} {[%emt 00:00:30]}
g6 {[%clk 01:22:04]} {[%emt 00:02:55]} 6. Bxc4 {[%clk 01:26:10]} {[%emt
00:05:04]} d6 {[%clk 01:20:23]} {[%emt 00:02:10]} 7. Nc3 {[%clk 01:22:30]}
{[%emt 00:04:11]} Bg7 {[%clk 01:19:01]} {[%emt 00:01:52]} 8. Nf3 {[%clk
01:17:20]} {[%emt 00:05:39]} Nbd7 {[%clk 01:14:18]} {[%emt 00:05:13]} 9. h3
{[%clk 01:05:53]} {[%emt 00:11:58]} Rb8 {[%clk 01:08:11]} {[%emt 00:06:36]} 10.
O-O {[%clk 00:57:55]} {[%emt 00:08:28]} O-O {[%clk 01:06:21]} {[%emt 00:02:19]}
11. Bg5 {[%clk 00:54:36]} {[%emt 00:03:49]} Qa5 {[%clk 00:52:01]} {[%emt
00:14:51]} 12. Rac1 {[%clk 00:44:54]} {[%emt 00:10:12]} Qb4 {[%clk 00:45:23]}
{[%emt 00:07:08]} 13. b3 {[%clk 00:43:08]} {[%emt 00:02:16]} h6 {[%clk
00:38:27]} {[%emt 00:07:26]} 14. Bd2 {[%clk 00:33:57]} {[%emt 00:09:42]} Qb7
{[%clk 00:37:32]} {[%emt 00:01:24]} 15. Rfe1 {[%clk 00:19:42]} {[%emt
00:14:45]} Nb6 {[%clk 00:29:33]} {[%emt 00:08:29]} 16. Bf4 {[%clk 00:13:08]}
{[%emt 00:07:04]} Rd8 {[%clk 00:20:30]} {[%emt 00:09:32]} 17. Qd2 {[%clk
00:07:49]} {[%emt 00:05:51]} g5 {[%clk 00:14:26]} {[%emt 00:06:34]} 18. Bh2
{[%clk 00:05:45]} {[%emt 00:02:33]} Qa8 {[%clk 00:06:05]} {[%emt 00:08:52]} 19.
e5 {[%clk 00:05:14]} {[%emt 00:01:00]} Ne8 {[%clk 00:05:27]} {[%emt 00:01:07]}
20. exd6 {[%clk 00:04:33]} {[%emt 00:01:13]} Nxd6 {[%clk 00:05:16]} {[%emt
00:00:40]} 21. Bxd6 {[%clk 00:04:36]} {[%emt 00:00:27]} exd6 {[%clk 00:05:22]}
{[%emt 00:00:25]} 22. Nxg5 {[%clk 00:01:23]} {[%emt 00:03:43]} hxg5 {[%clk
00:03:56]} {[%emt 00:01:55]} 23. Qxg5 {[%clk 00:01:51]} {[%emt 00:00:03]} f6
{[%clk 00:02:13]} {[%emt 00:02:14]} 24. Qg6 {[%clk 00:02:11]} {[%emt 00:00:09]}
Qb7 {[%clk 00:02:11]} {[%emt 00:00:32]} 25. Re8+ {[%clk 00:01:12]} {[%emt
00:01:28]} Rxe8 {[%clk 00:02:10]} {[%emt 00:00:32]} 26. Qxe8+ {[%clk 00:01:41]}
Bf8 {[%clk 00:02:06]} {[%emt 00:00:34]} 27. Ne4 {[%clk 00:00:38]} {[%emt
00:01:32]} Qf7 {[%clk 00:01:35]} {[%emt 00:01:01]} 28. Qd8 {[%clk 00:00:37]}
{[%emt 00:00:31]} Kg7 {[%clk 00:00:46]} {[%emt 00:01:19]} 29. Rc3 {[%clk
00:00:52]} {[%emt 00:00:15]} 1-0

[Event "DVM U20 2020"]
[Site "Willingen GER"]
[Date "2021.06.26"]
[Round "5"]
[White "Burian, Simon"]
[Black "Wübker, Paul-Luca"]
[Result "1/2-1/2"]
[Termination "normal"]
[Board "2.1"]
[WhiteElo "2106"]
[BlackElo "2134"]
[WhiteClock "00:23:27"]
[BlackClock "00:17:05"]
[WhiteTeam "Schachklub König Plauen"]
[BlackTeam "Schachgesellschaft Bochum 1931"]
[PlyCount "63"]
[WhiteFideId "12956902"]
[BlackFideId "12939528"]
[EventCountry "GER"]
[EventRounds "7"]
[EventType "team-swiss"]
[EventDate "2021.06.23"]

1. e4 {[%clk 01:30:49]} {[%emt 00:00:10]} c5 {[%clk 01:30:54]} {[%emt
00:00:06]} 2. Nf3 {[%clk 01:31:11]} {[%emt 00:00:09]} d6 {[%clk 01:31:17]}
{[%emt 00:00:05]} 3. d4 {[%clk 01:31:32]} {[%emt 00:00:10]} cxd4 {[%clk
01:31:42]} {[%emt 00:00:05]} 4. Nxd4 {[%clk 01:31:58]} {[%emt 00:00:05]} Nf6
{[%clk 01:32:05]} {[%emt 00:00:06]} 5. f3 {[%clk 01:32:23]} {[%emt 00:00:06]}
Nc6 {[%clk 01:32:28]} {[%emt 00:00:06]} 6. c4 {[%clk 01:32:42]} {[%emt
00:00:11]} Nxd4 {[%clk 01:32:53]} {[%emt 00:00:05]} 7. Qxd4 {[%clk 01:33:08]}
{[%emt 00:00:05]} g6 {[%clk 01:33:14]} {[%emt 00:00:09]} 8. Nc3 {[%clk
01:30:45]} {[%emt 00:02:53]} Bg7 {[%clk 01:33:37]} {[%emt 00:00:06]} 9. Be3
{[%clk 01:29:51]} {[%emt 00:01:24]} O-O {[%clk 01:33:10]} {[%emt 00:00:57]} 10.
Qd2 {[%clk 01:29:34]} {[%emt 00:00:48]} a5 {[%clk 01:33:32]} {[%emt 00:00:08]}
11. Rc1 {[%clk 01:24:09]} {[%emt 00:05:55]} a4 {[%clk 01:33:21]} {[%emt
00:00:41]} 12. c5 {[%clk 01:17:00]} {[%emt 00:07:39]} Be6 {[%clk 01:23:50]}
{[%emt 00:10:00]} 13. cxd6 {[%clk 01:14:40]} {[%emt 00:02:51]} exd6 {[%clk
01:24:04]} {[%emt 00:00:15]} 14. Be2 {[%clk 01:10:46]} {[%emt 00:04:24]} d5
{[%clk 01:11:34]} {[%emt 00:13:00]} 15. e5 {[%clk 01:08:32]} {[%emt 00:02:44]}
Nd7 {[%clk 01:02:13]} {[%emt 00:09:51]} 16. f4 {[%clk 01:05:44]} {[%emt
00:03:19]} Nb6 {[%clk 00:40:37]} {[%emt 00:22:05]} 17. Bc5 {[%clk 00:59:41]}
{[%emt 00:06:33]} Re8 {[%clk 00:40:16]} {[%emt 00:00:51]} 18. Bb5 {[%clk
00:55:28]} {[%emt 00:04:42]} Nc4 {[%clk 00:30:22]} {[%emt 00:10:25]} 19. Qe2
{[%clk 00:50:33]} {[%emt 00:05:25]} Bd7 {[%clk 00:29:40]} {[%emt 00:01:12]} 20.
Bxc4 {[%clk 00:45:55]} {[%emt 00:05:08]} dxc4 {[%clk 00:30:03]} {[%emt
00:00:07]} 21. O-O {[%clk 00:43:57]} {[%emt 00:02:29]} b5 {[%clk 00:29:57]}
{[%emt 00:00:35]} 22. Rcd1 {[%clk 00:41:00]} {[%emt 00:03:27]} Qc8 {[%clk
00:30:19]} {[%emt 00:00:08]} 23. Qf2 {[%clk 00:41:18]} {[%emt 00:00:11]} Bc6
{[%clk 00:30:25]} {[%emt 00:00:24]} 24. Nd5 {[%clk 00:37:37]} {[%emt 00:04:12]}
Bxd5 {[%clk 00:26:53]} {[%emt 00:04:02]} 25. Rxd5 {[%clk 00:37:35]} {[%emt
00:00:31]} Rd8 {[%clk 00:20:37]} {[%emt 00:06:47]} 26. Bd6 {[%clk 00:34:05]}
{[%emt 00:04:01]} a3 {[%clk 00:20:43]} {[%emt 00:00:24]} 27. bxa3 {[%clk
00:32:37]} {[%emt 00:01:57]} Bf8 {[%clk 00:20:18]} {[%emt 00:00:55]} 28. Rfd1
{[%clk 00:29:00]} {[%emt 00:04:07]} Bxd6 {[%clk 00:20:31]} {[%emt 00:00:17]}
29. Rxd6 {[%clk 00:29:25]} {[%emt 00:00:05]} Rxd6 {[%clk 00:20:30]} {[%emt
00:00:31]} 30. exd6 {[%clk 00:29:48]} {[%emt 00:00:06]} Qc6 {[%clk 00:17:00]}
{[%emt 00:04:00]} 31. f5 {[%clk 00:25:49]} {[%emt 00:04:30]} Rd8 {[%clk
00:17:05]} {[%emt 00:00:24]} 32. fxg6 {[%clk 00:23:27]} {[%emt 00:02:53]}
1/2-1/2

[Event "DVM U20 2020"]
[Site "Willingen GER"]
[Date "2021.06.26"]
[Round "5"]
[White "Biermann, Florian"]
[Black "Linnert, Niklas"]
[Result "1-0"]
[Termination "normal"]
[Board "2.2"]
[WhiteElo "2104"]
[BlackElo "2043"]
[WhiteClock "00:25:00"]
[BlackClock "00:28:37"]
[WhiteTeam "Schachgesellschaft Bochum 1931"]
[BlackTeam "Schachklub König Plauen"]
[PlyCount "95"]
[WhiteFideId "12970069"]
[BlackFideId "12974781"]
[EventCountry "GER"]
[EventRounds "7"]
[EventType "team-swiss"]
[EventDate "2021.06.23"]

1. Nf3 {[%clk 01:30:57]} {[%emt 00:00:03]} Nf6 {[%clk 01:30:44]} {[%emt
00:00:17]} 2. g3 {[%clk 01:28:57]} {[%emt 00:02:30]} d5 {[%clk 01:30:20]}
{[%emt 00:00:54]} 3. Bg2 {[%clk 01:29:13]} {[%emt 00:00:13]} e6 {[%clk
01:30:23]} {[%emt 00:00:28]} 4. O-O {[%clk 01:28:14]} {[%emt 00:01:29]} Be7
{[%clk 01:30:49]} {[%emt 00:00:05]} 5. d3 {[%clk 01:28:20]} {[%emt 00:00:23]}
O-O {[%clk 01:28:53]} {[%emt 00:02:26]} 6. Nbd2 {[%clk 01:27:26]} {[%emt
00:01:24]} Nbd7 {[%clk 01:24:08]} {[%emt 00:05:15]} 7. e4 {[%clk 01:23:44]}
{[%emt 00:04:11]} dxe4 {[%clk 01:18:13]} {[%emt 00:06:25]} 8. dxe4 {[%clk
01:23:57]} {[%emt 00:00:17]} e5 {[%clk 01:18:26]} {[%emt 00:00:17]} 9. b3
{[%clk 01:15:11]} {[%emt 00:09:16]} Re8 {[%clk 01:15:33]} {[%emt 00:03:24]} 10.
Bb2 {[%clk 01:13:47]} {[%emt 00:01:54]} Bc5 {[%clk 01:15:22]} {[%emt 00:00:41]}
11. Ne1 {[%clk 01:12:53]} {[%emt 00:01:23]} c6 {[%clk 01:04:41]} {[%emt
00:11:11]} 12. Nd3 {[%clk 01:12:54]} {[%emt 00:00:30]} Bb6 {[%clk 01:05:06]}
{[%emt 00:00:05]} 13. Nc4 {[%clk 01:11:12]} {[%emt 00:02:11]} Bc7 {[%clk
01:04:47]} {[%emt 00:00:50]} 14. a4 {[%clk 01:11:10]} {[%emt 00:00:32]} b5
{[%clk 00:38:42]} {[%emt 00:26:35]} 15. Ne3 {[%clk 01:10:44]} {[%emt 00:00:54]}
Bb7 {[%clk 00:38:33]} {[%emt 00:00:40]} 16. c4 {[%clk 01:03:32]} {[%emt
00:07:42]} bxc4 {[%clk 00:35:58]} {[%emt 00:03:06]} 17. Nxc4 {[%clk 01:03:33]}
{[%emt 00:00:29]} Ba6 {[%clk 00:36:13]} {[%emt 00:00:15]} 18. Qc2 {[%clk
00:47:10]} {[%emt 00:16:52]} Qe7 {[%clk 00:20:19]} {[%emt 00:16:24]} 19. Rfd1
{[%clk 00:36:10]} {[%emt 00:11:30]} Rab8 {[%clk 00:19:23]} {[%emt 00:01:27]}
20. Ba3 {[%clk 00:33:06]} {[%emt 00:03:34]} Qe6 {[%clk 00:18:25]} {[%emt
00:01:29]} 21. Nb4 {[%clk 00:29:57]} {[%emt 00:03:39]} Bxc4 {[%clk 00:16:57]}
{[%emt 00:01:58]} 22. Qxc4 {[%clk 00:29:19]} {[%emt 00:01:07]} Qxc4 {[%clk
00:10:42]} {[%emt 00:06:45]} 23. bxc4 {[%clk 00:29:41]} {[%emt 00:00:08]} Nb6
{[%clk 00:10:30]} {[%emt 00:00:42]} 24. Nxc6 {[%clk 00:27:40]} {[%emt
00:02:30]} Ra8 {[%clk 00:09:53]} {[%emt 00:01:07]} 25. Ne7+ {[%clk 00:27:01]}
{[%emt 00:01:09]} Kh8 {[%clk 00:10:23]} {[%emt 00:00:02]} 26. Nd5 {[%clk
00:26:31]} {[%emt 00:00:59]} Rac8 {[%clk 00:10:37]} {[%emt 00:00:16]} 27. c5
{[%clk 00:18:41]} {[%emt 00:08:19]} Na8 {[%clk 00:03:56]} {[%emt 00:07:12]} 28.
Nxf6 {[%clk 00:16:21]} {[%emt 00:02:50]} gxf6 {[%clk 00:04:23]} {[%emt
00:00:04]} 29. Rd7 {[%clk 00:16:44]} {[%emt 00:00:06]} Kg7 {[%clk 00:04:35]}
{[%emt 00:00:18]} 30. Bf1 {[%clk 00:16:48]} {[%emt 00:00:24]} Rcd8 {[%clk
00:04:27]} {[%emt 00:00:39]} 31. Rad1 {[%clk 00:17:11]} {[%emt 00:00:07]} Rxd7
{[%clk 00:04:05]} {[%emt 00:00:53]} 32. Rxd7 {[%clk 00:17:33]} {[%emt
00:00:08]} Rd8 {[%clk 00:04:33]} {[%emt 00:00:01]} 33. Re7 {[%clk 00:16:27]}
{[%emt 00:01:37]} Rd4 {[%clk 00:01:53]} {[%emt 00:03:10]} 34. Bb5 {[%clk
00:16:17]} {[%emt 00:00:39]} a6 {[%clk 00:01:49]} {[%emt 00:00:35]} 35. Bc6
{[%clk 00:05:44]} {[%emt 00:11:03]} Bd8 {[%clk 00:02:05]} {[%emt 00:00:13]} 36.
Rb7 {[%clk 00:05:52]} {[%emt 00:00:21]} Nc7 {[%clk 00:01:58]} {[%emt 00:00:39]}
37. Bb4 {[%clk 00:04:34]} {[%emt 00:01:49]} Ne6 {[%clk 00:01:12]} {[%emt
00:01:15]} 38. Bd5 {[%clk 00:04:45]} {[%emt 00:00:18]} Nc7 {[%clk 00:00:56]}
{[%emt 00:00:46]} 39. Bb3 {[%clk 00:04:55]} {[%emt 00:00:20]} Kf8 {[%clk
00:00:32]} {[%emt 00:00:55]} 40. Ba5 {[%clk 00:03:50]} {[%emt 00:01:34]} Ne6
{[%clk 00:00:31]} {[%emt 00:00:32]} 41. Bxe6 {[%clk 00:00:50]} {[%emt
00:03:29]} Bxa5 {[%clk 00:29:20]} {[%emt 00:01:42]} 42. Rxf7+ {[%clk 00:29:08]}
{[%emt 00:02:12]} Ke8 {[%clk 00:29:48]} {[%emt 00:00:02]} 43. Rxh7 {[%clk
00:26:46]} {[%emt 00:02:50]} Rxe4 {[%clk 00:29:10]} {[%emt 00:01:09]} 44. c6
{[%clk 00:25:38]} {[%emt 00:01:39]} Re1+ {[%clk 00:29:04]} {[%emt 00:00:35]}
45. Kg2 {[%clk 00:26:01]} {[%emt 00:00:07]} Rc1 {[%clk 00:29:33]} {[%emt
00:00:01]} 46. h4 {[%clk 00:25:30]} {[%emt 00:01:01]} Bb6 {[%clk 00:28:34]}
{[%emt 00:01:30]} 47. Rb7 {[%clk 00:25:01]} {[%emt 00:00:59]} Bd8 {[%clk
00:28:37]} {[%emt 00:00:27]} 48. h5 {[%clk 00:25:00]} {[%emt 00:00:31]} 1-0

[Event "DVM U20 2020"]
[Site "Willingen GER"]
[Date "2021.06.26"]
[Round "5"]
[White "Graf, Lucas"]
[Black "Biermann, Lenhard"]
[Result "0-1"]
[Termination "normal"]
[Board "2.3"]
[WhiteElo "1882"]
[BlackElo "2083"]
[WhiteClock "00:43:37"]
[BlackClock "00:27:02"]
[WhiteTeam "Schachklub König Plauen"]
[BlackTeam "Schachgesellschaft Bochum 1931"]
[PlyCount "36"]
[WhiteFideId "12974889"]
[BlackFideId "12970077"]
[EventCountry "GER"]
[EventRounds "7"]
[EventType "team-swiss"]
[EventDate "2021.06.23"]

1. e4 {[%clk 01:30:58]} {[%emt 00:00:02]} e6 {[%clk 01:30:56]} {[%emt
00:00:04]} 2. d3 {[%clk 01:31:22]} {[%emt 00:00:06]} d5 {[%clk 01:31:22]}
{[%emt 00:00:04]} 3. Nd2 {[%clk 01:31:49]} {[%emt 00:00:04]} c5 {[%clk
01:31:35]} {[%emt 00:00:17]} 4. Ngf3 {[%clk 01:32:13]} {[%emt 00:00:05]} g6
{[%clk 01:31:06]} {[%emt 00:01:00]} 5. g3 {[%clk 01:32:10]} {[%emt 00:00:33]}
Bg7 {[%clk 01:31:23]} {[%emt 00:00:12]} 6. Bg2 {[%clk 01:32:36]} {[%emt
00:00:04]} Ne7 {[%clk 01:31:42]} {[%emt 00:00:12]} 7. O-O {[%clk 01:32:55]}
{[%emt 00:00:11]} Nbc6 {[%clk 01:32:08]} {[%emt 00:00:03]} 8. c3 {[%clk
01:30:51]} {[%emt 00:02:34]} b6 {[%clk 01:28:17]} {[%emt 00:04:21]} 9. Re1
{[%clk 01:29:41]} {[%emt 00:01:39]} Bb7 {[%clk 01:28:17]} {[%emt 00:00:31]} 10.
a4 {[%clk 01:23:34]} {[%emt 00:06:37]} h6 {[%clk 01:25:48]} {[%emt 00:02:59]}
11. h4 {[%clk 01:10:55]} {[%emt 00:13:09]} Qd7 {[%clk 01:10:43]} {[%emt
00:15:35]} 12. Qc2 {[%clk 01:10:22]} {[%emt 00:01:03]} Rd8 {[%clk 01:08:19]}
{[%emt 00:02:54]} 13. e5 {[%clk 00:57:04]} {[%emt 00:13:47]} Qc7 {[%clk
00:59:48]} {[%emt 00:09:02]} 14. d4 {[%clk 00:52:05]} {[%emt 00:05:29]} cxd4
{[%clk 00:58:01]} {[%emt 00:02:16]} 15. cxd4 {[%clk 00:52:30]} {[%emt
00:00:06]} Rc8 {[%clk 00:56:29]} {[%emt 00:02:02]} 16. Ra3 {[%clk 00:52:03]}
{[%emt 00:00:56]} Nxd4 {[%clk 00:42:29]} {[%emt 00:14:30]} 17. Qb1 {[%clk
00:43:34]} {[%emt 00:09:01]} Qxc1 {[%clk 00:27:02]} {[%emt 00:15:57]} 18. Rxc1
{[%clk 00:43:37]} {[%emt 00:00:26]} Rxc1+ {[%emt 00:01:05]} 0-1